000 00366nam a2200145Ia 4500
008 230917s9999||||xx |||||||||||||| ||und||
040 _e242738
_aMAIN
041 _aEnglish
082 _a320.011 T45M
100 _aTilak Raj
245 0 _aMahatma Gandhi va Dr. B R Ambedkar ke vicharon ka tulnatmak adhyayan
260 _c2013
300 _a100 p.
942 _cTH
999 _c127151
_d127151